Central Library OPAC University of Rajshahi

A Keats selection: (Record no. 18129)

MARC details
000 -LEADER
fixed length control field 00717cam a2200241u 4500
001 - CONTROL NUMBER
control field 18129
003 - CONTROL NUMBER IDENTIFIER
rucl marc code BD-RjUL
005 - DATE AND TIME OF LATEST TRANSACTION
control field 20211209000236.0
008 - FIXED-LENGTH DATA ELEMENTS--GENERAL INFORMATION
fixed length control field 140219s1966 enk 000 0aeng d
035 ## - SYSTEM CONTROL NUMBER
System control number (BD-RjUL)18187
040 ## - CATALOGING SOURCE
Original cataloging agency DLC
Transcribing agency CarP
Modifying agency DLC
-- BD-RjUL
Language of cataloging eng
041 ## - LANGUAGE CODE
Language code of text/sound track or separate title eng
082 00 - DEWEY DECIMAL CLASSIFICATION NUMBER
Classification number 821.7
Author mark and year HOK 1966
100 1# - MAIN ENTRY--PERSONAL NAME
Personal name Howlings, Norman,
Dates associated with a name 1795-1821.
9 (RLIN) 55856
245 12 - TITLE STATEMENT
Title A Keats selection:
Remainder of title edited with an introduction and notes /
Statement of responsibility, etc. Norman, Howlings
260 ## - PUBLICATION, DISTRIBUTION, ETC. (IMPRINT)
Name of publisher, distributor, etc. Macmillan :
Place of publication, distribution, etc. St Martins Press,
Name of publisher, distributor, etc. St. Martin's P.;
Date of publication, distribution, etc. 1966.
300 ## - PHYSICAL DESCRIPTION
Pagination xxxii, 268 p. ;
Size 20 cm.
600 #0 - SUBJECT ADDED ENTRY--PERSONAL NAME
Dates associated with a name
650 ## - SUBJECT ADDED ENTRY--TOPICAL TERM
Topical term or geographic name as entry element A Keats selection:
9 (RLIN) 55858
942 ## - ADDED ENTRY ELEMENTS (KOHA)
Source of classification or shelving scheme Dewey Decimal Classification
Koha item type Books
Holdings
Lost status Source of classification or shelving scheme Damaged status Not for loan Collection code Permanent Location Current Location Shelving location Date acquired Source of acquisition Cost, normal purchase price Total Checkouts Full call number Date last seen Copy number Koha item type
  Dewey Decimal Classification   Not For Loan Fiction Central Library, University of Rajshahi Central Library, University of Rajshahi Reading Room 24/02/1973 Black Well 55.00   821.7 HOK 1966 19/02/2014 C-1 Books